Catálogo de manuscritos e impresos musicales del Archivo Histórico Nacional y del Archivo de la Corona de Aragón / Joaquim Garrigosa i Massana
Publicado:
Madrid :
Dirección General de Bellas Artes y Archivos : Dirección General de Archivos Estatales ,
1994
Descripción Física:
346 p. : il. ; 24 cm
Otros Autores:
Espanya. Dirección de Archivos Estatales
MARC
| LEADER | 00000nam a2200000Ia 4500 | ||
|---|---|---|---|
| 001 | 10623 | ||
| 008 | 160829s1994 xx 000 0 cat d | ||
| 080 | |a A-1-248 | ||
| 100 | |a Garrigosa i Massana, Joaquim |9 20965 | ||
| 245 | |a Catálogo de manuscritos e impresos musicales del Archivo Histórico Nacional y del Archivo de la Corona de Aragón / Joaquim Garrigosa i Massana | ||
| 260 | |a Madrid : |b Dirección General de Bellas Artes y Archivos : |b Dirección General de Archivos Estatales, |c 1994 | ||
| 300 | |a 346 p. : |b il. ; |c 24 cm | ||
| 610 | 2 | 0 | |a Arxiu de la Corona d'Aragó |x Fons documentals |9 55372 |
| 650 | |a Archivo Histórico Nacional (Espanya) |x Fons especials |x Música |x Catàlegs |9 20966 | ||
| 650 | 0 | |a Música |x Fons documentals |9 55375 | |
| 700 | |a Espanya. Dirección de Archivos Estatales |9 35025 | ||
| 901 | |a Arxiu | ||
| 942 | |n 1 |2 udc | ||
| 952 | |0 0 |1 0 |4 0 |6 A1248 |7 1 |9 41755 |a Arxiu |b Arxiu |d 2016-12-01 |l 0 |o A-1-248 |p 10623 |r 2016-12-01 00:00:00 |w 2016-12-01 |y ARXIU | ||
| 999 | |c 43645 |d 43645 | ||